000 00732nam a22002417a 4500
999 _c14834
_d14834
003 AR-CdUCM
008 190424b ||||| |||| 00| 0 spa d
020 _a978-607-735-920-3
040 _aMUNICIPALIDAD PROVINCIAL DEL CUSCO
_cBIBLIOTECA MUNICIPAL DEL CUSCO
041 _heng
082 _aPI / 371.1 /
_bS78
100 _aStaake, Bob
_933757
245 _aMi mascota /
260 _aBarcelona :
_bOcéano travesía,
_c2016.
300 _bIlustraciones,
_c29 cm.
505 _aContenido: Mi mascota.
650 _aLectura Infantil
_928296
650 _aCuentos infantiles
_93927
650 _aMascotas
_933441
700 _aSepúlveda Martín, Sandra (traductor)
_933758
942 _2ddc
_cLIBROS
945 _acmm
_d2019-04-24